| 000 | 02907cam a22003255a 4500 | ||
|---|---|---|---|
| 999 |
_c232873 _d232873 |
||
| 001 | 15742666 | ||
| 003 | NUST | ||
| 005 | 20170224110811.0 | ||
| 008 | 090518s2008 enka b 001 0 eng d | ||
| 020 | _a9781847209740 | ||
| 020 | _a1847209742 | ||
| 035 | _a(OCoLC)ocn212836647 | ||
| 040 |
_aBTCTA _cBTCTA _dYDXCP _dBAKER _dEGM _dDLC |
||
| 042 | _alccopycat | ||
| 082 | _a363.325 | ||
| 100 | 1 |
_aRichardson, Harry W., _d1938- |
|
| 245 | 1 | 4 |
_aThe economic costs and consequences of terrorism / _cHarry W. Richardson, Peter Gordon, James E. Moore II. |
| 260 |
_aCheltenham, UK ; _aNorthampton, MA : _bEdward Elgar Pub., _c2008. |
||
| 300 |
_aix, 350 p. : _bill. ; _c24 cm. |
||
| 504 | _aIncludes bibliographical references and index. | ||
| 505 | 0 | _aTerrorism : considering new policies / Bruno S. Frey and Simon Luechinger -- An empirical analysis of the Terrorism Risk Insurance Act (TRIA) / Howard Kunreuther and Erwann Michel-Kerjan -- Airport security : time for a new model / Robert W. Poole, Jr. -- Cost-effective strategies to address urban terrorism : a risk management approach / Richard G. Little -- Optimal inspection strategies for Coast Guard operations / Niyazi Onur Bakir -- Balancing freedom and security after 9/11 : risk management at National Park Service / Larry Parkinson -- The national economic impacts of a food terrorism event : initial estimates of indirect costs / Thomas F. Stinson -- The economic cost of disasters : permanent or ephemeral? / Matthew P. Drennan -- Analyzing catastrophic terrorist events with applications to the food industry / Hamid Mohtadi and Antu Panini Murshid -- Simulating the state-by-state effects of terrorist attacks on three major US ports : applying NIEMO (National Interstate Economic Model) / Jiyoung Park... [et al.] -- Tourism and terrorism : the national and interregional economic impacts of attacks on major US theme parks / Harry W. Richardson... [et al.] -- Worst case electricity scenarios : the benefits and costs of prevention / Lester B. Lave, Jay Apt and Granger Morgan -- Risk and economic costs of a terrorist attack on the electric system / Rae Zimmerman... [et al.] -- Regional economic impacts of a terrorist attack on the water system of Los Angeles : a computable general disequilibrium analysis / Adam Rose, Gbadebo Oladosu and Shu-Yi Liao -- Two-sided electricity markets : self-healing systems / Richard E. Schuler. | |
| 650 | 0 |
_aTerrorism _xEconomic aspects _zUnited States. |
|
| 650 | 0 |
_aInfrastructure (Economics) _zUnited States. |
|
| 650 | 0 |
_aElectric utilities _zUnited States. |
|
| 650 | 0 |
_aTransportation _xEffect of terrorism on _zUnited States. |
|
| 650 | 0 |
_aTerrorism _zUnited States _xPrevention. |
|
| 700 | 1 |
_aGordon, Peter, _d1943- |
|
| 700 | 1 | _aMoore, James Elliott. | |
| 906 |
_a0 _bibc _ccopycat _d1 _encip _f20 _gy-gencatlg |
||
| 942 |
_2ddc _cBK |
||